Electrical machinery (Record no. 822)

000 -LEADER
fixed length control field 00398nam a22001577a 4500
008 - FIXED-LENGTH DATA ELEMENTS--GENERAL INFORMATION
fixed length control field 191223b ||||| |||| 00| 0 eng d
041 0# - LANGUAGE CODE
Language code of text/sound track or separate title eng
082 00 - DEWEY DECIMAL CLASSIFICATION NUMBER
Classification number 621.31042
Item number B611
100 ## - MAIN ENTRY--PERSONAL NAME
9 (RLIN) 2809
Personal name Bimbhra, P. S.
245 10 - TITLE STATEMENT
Title Electrical machinery
250 ## - EDITION STATEMENT
Edition statement 7th
260 ## - PUBLICATION, DISTRIBUTION, ETC. (IMPRINT)
Place of publication, distribution, etc Khanna Publisher
Name of publisher, distributor, etc New Delhi
Date of publication, distribution, etc 2008
300 ## - PHYSICAL DESCRIPTION
Extent xyz
650 #0 - SUBJECT ADDED ENTRY--TOPICAL TERM
Topical term or geographic name as entry element Electrical Engineering
942 ## - ADDED ENTRY ELEMENTS (KOHA)
Item type Books
Holdings
Withdrawn status Lost status Source of classification or shelving scheme Damaged status Not for loan Permanent location Current location Date acquired Source of acquisition Full call number Barcode Date last seen Koha item type Total Checkouts Total Renewals Date last borrowed
          IMU Kolkata IMU Kolkata 2012-01-24 Jyoti, the Book People 621.31042 B611 11527 2019-12-23 Books      
          IMU Kolkata IMU Kolkata 2012-01-24 Jyoti, the Book People 621.31042 B611 11529 2025-11-03 Books 4 1 2025-10-21
          IMU Kolkata IMU Kolkata 2012-01-24 Jyoti, the Book People 621.31042 B611 11532 2019-12-23 Books      
          IMU Kolkata IMU Kolkata 2012-01-24 Jyoti, the Book People 621.31042 B611 11533 2019-12-23 Books      
          IMU Kolkata IMU Kolkata 2012-01-24 Jyoti, the Book People 621.31042 B611 11534 2019-12-23 Books      
          IMU Kolkata IMU Kolkata 2012-01-24 Jyoti, the Book People 621.31042 B611 11535 2019-12-23 Books      
          IMU Kolkata IMU Kolkata 2012-01-24 Jyoti, the Book People 621.31042 B611 11536 2025-10-13 Books 6 4 2025-10-06
          IMU Kolkata IMU Kolkata 2012-01-24 Jyoti, the Book People 621.31042 B611 11537 2022-10-13 Books 1   2022-09-27
          IMU Kolkata IMU Kolkata 2012-01-24 Jyoti, the Book People 621.31042 B611 11538 2019-12-23 Books      
          IMU Kolkata IMU Kolkata 2012-01-24 Jyoti, the Book People 621.31042 B611 11539 2025-11-27 Books 1 2 2025-10-22
          IMU Kolkata IMU Kolkata 2012-01-24 Jyoti, the Book People 621.31042 B611 11540 2019-12-23 Books      
          IMU Kolkata IMU Kolkata 2012-01-24 Jyoti, the Book People 621.31042 B611 11541 2019-12-23 Books      
          IMU Kolkata IMU Kolkata 2012-01-24 Jyoti, the Book People 621.31042 B611 11542 2019-12-23 Books      
Designed and Maintained by IMU-KC Library, Kolkata Campus © Copyright All Rights Reserved

webs counters

Powered by Koha